000 01069cab a2200325 4500
001 ABS52195
008 090401t1994 xxu||||| |||| 00| 0 eng d
035 _a(Sirsi) u65338
041 _aeng
100 _aButcher, K.
245 4 _aThe valuation of regional shopping centres
260 _c1994
350 _a0
490 _aValuer and Land Economist
_v33(4) November 1994, 330-336(7)
520 _aPart 2 of an article (see Abs51848) which outlines trends in shopping centre investment and factors which affect the investment performance of shopping centres. Australian perspective.
650 _aAUSTRALIA
650 _aDISCOUNTED CASH FLOW ANALYSIS
650 _aDISCOUNTED CASH FLOW
650 _aINTERNAL RATE OF RETURN
650 _aINVESTMENT PERFORMANCE
650 _aNET PRESENT VALUE
650 _aREGIONAL SHOPPING CENTRES
650 _aRENTAL VALUATION
650 _aRETAIL PROPERTY
650 _aSHOPPING CENTRES
690 _aOVERSEAS-REST OF THE WORLD
690 _aRATING AND VALUATION
942 _n0
948 _c04/03/1997
999 _c40744
_d40744